| 000 | 00458cam a2200181ua 4500 | ||
|---|---|---|---|
| 020 | _c12.50 | ||
| 041 |
_aeng _h |
||
| 082 |
_a301 _bJOH/SO |
||
| 100 | _aJohnson, Harry.M . | ||
| 245 |
_aSociology : A systematic introduction / _cM.Harry Johnson. _hTextual Documents |
||
| 250 |
_a1 / _b. |
||
| 260 |
_aMumbai : _bAllied Publishers Pvt Ltd , _c1966. |
||
| 300 | _a687 ; . | ||
| 365 | _a12.50 | ||
| 504 | _a | ||
| 942 | _cBK | ||
| 999 |
_c2037 _d2037 |
||